Medical malpractice insurance : a legislator's view /

Bibliographic Details
Main Author: Lombardi, Tarky
Other Authors: Hoffman, Gerald N.
Format: Book
Language:English
Published: Syracuse, N.Y. : Syracuse University Press, 1978.
Edition:1st ed.
Subjects:

MARC

Tag First Indicator Second Indicator Subfields
LEADER 00000cam a22000008i 4500
001 in00000618021
005 20151015050958.0
008 780411s1978 nyu b 00110 eng
010 |a  78006409  
020 |a 081560128X 
035 |a (OCoLC)03844795 
035 |9 ACT3615AM 
040 |a DLC  |c DLC  |d TXA  |d UtOrBLW 
043 |a n-us--- 
049 |a TXAM  |c [1475346] 
050 0 0 |a HG8054.P5  |b L65 
060 0 |a W44 L842m 
082 0 |a 368.5 
100 1 |a Lombardi, Tarky. 
245 1 0 |a Medical malpractice insurance :  |b a legislator's view /  |c Tarky Lombardi, Jr. with Gerald N. Hoffman. 
250 |a 1st ed. 
264 1 |a Syracuse, N.Y. :  |b Syracuse University Press,  |c 1978. 
300 |a xvii, 211 pages ;  |c 24 cm. 
336 |a text  |b txt  |2 rdacontent 
337 |a unmediated  |b n  |2 rdamedia 
338 |a volume  |b nc  |2 rdacarrier 
504 |a Includes bibliographical references and index. 
650 0 |a Physicians' malpractice insurance  |z United States. 
650 2 |a Insurance, Liability  |z United States. 
650 2 |a Malpractice. 
700 1 |a Hoffman, Gerald N. 
999 |a MARS 
999 f f |s e92401b9-d765-3542-8eb9-5403c2754ac7  |i a124222a-9d3d-3f50-9cc5-6309ff15cd83  |t 0 
952 f f |p ric  |a Texas A&M University  |b Rellis Campus  |c Joint Library Facility  |d Remote Storage  |t 0  |e HG8054.P5 L65  |h Library of Congress classification  |i unmediated -- volume  |m A14802889813 
998 f f |a HG8054.P5 L65  |t 0  |l Remote Storage